000 00408nam a22001457a 4500
999 _c4089
_d4089
008 200716b ||||| |||| 00| 0 eng d
082 0 0 _a623.87236
_bL2181
100 _9785
_aLamb, John
245 1 0 _aLamb's questions and answers on marine diesel engines
_cby John. Lamb
260 _aLondon
_bCharles Griffin & Co
_c1950
300 _a200 p.
365 _d11.09
650 0 _aMarine Diesel Motors
942 _cBK